[Event "DVM U14 2023"]
[Site "Magdeburg GER"]
[Date "2023.12.27"]
[Round "2"]
[White "Türel, Tugrul"]
[Black "Klein, Levent"]
[Result "1/2-1/2"]
[Termination "normal"]
[Board "3.1"]
[WhiteElo "2002"]
[BlackElo "1735"]
[WhiteClock "00:49:13"]
[BlackClock "00:17:04"]
[WhiteTeam "SF München"]
[BlackTeam "SG Kaiserslautern 1905"]
[PlyCount "119"]
[WhiteFideId "26338408"]
[BlackFideId "34611274"]
[EventCountry "GER"]
[EventRounds "7"]
[EventType "team-swiss"]
[EventDate "2023.12.26"]

1. e4 {[%clk 01:30:58]} {[%emt 00:00:02]} c6 {[%clk 01:30:56]} {[%emt
00:00:05]} 2. d4 {[%clk 01:30:47]} {[%emt 00:00:40]} d5 {[%clk 01:31:21]}
{[%emt 00:00:05]} 3. Nc3 {[%clk 01:31:13]} {[%emt 00:00:03]} dxe4 {[%clk
01:31:46]} {[%emt 00:00:06]} 4. Nxe4 {[%clk 01:31:40]} {[%emt 00:00:03]} Bf5
{[%clk 01:31:58]} {[%emt 00:00:18]} 5. Ng3 {[%clk 01:32:05]} {[%emt 00:00:04]}
Bg6 {[%clk 01:32:17]} {[%emt 00:00:11]} 6. h4 {[%clk 01:32:33]} {[%emt
00:00:02]} h6 {[%clk 01:32:23]} {[%emt 00:00:24]} 7. Nf3 {[%clk 01:32:54]}
{[%emt 00:00:09]} Nf6 {[%clk 01:27:46]} {[%emt 00:05:09]} 8. h5 {[%clk
01:33:19]} {[%emt 00:00:04]} Bh7 {[%clk 01:28:10]} {[%emt 00:00:05]} 9. Bd3
{[%clk 01:33:47]} {[%emt 00:00:03]} Bxd3 {[%clk 01:28:37]} {[%emt 00:00:03]}
10. Qxd3 {[%clk 01:34:13]} {[%emt 00:00:04]} e6 {[%clk 01:28:50]} {[%emt
00:00:17]} 11. Bd2 {[%clk 01:34:40]} {[%emt 00:00:02]} Nbd7 {[%clk 01:27:52]}
{[%emt 00:01:29]} 12. O-O-O {[%clk 01:33:12]} {[%emt 00:01:58]} Bd6 {[%clk
01:27:57]} {[%emt 00:00:24]} 13. Ne4 {[%clk 01:33:39]} {[%emt 00:00:05]} Nxe4
{[%clk 01:28:20]} {[%emt 00:00:06]} 14. Qxe4 {[%clk 01:34:05]} {[%emt
00:00:03]} Nf6 {[%clk 01:28:45]} {[%emt 00:00:06]} 15. Qe2 {[%clk 01:34:32]}
{[%emt 00:00:03]} Qc7 {[%clk 01:28:04]} {[%emt 00:01:11]} 16. g3 {[%clk
01:34:59]} {[%emt 00:00:04]} O-O-O {[%clk 01:23:50]} {[%emt 00:04:44]} 17. c4
{[%clk 01:35:24]} {[%emt 00:00:05]} Qe7 {[%clk 01:22:49]} {[%emt 00:01:24]} 18.
Ne5 {[%clk 01:29:22]} {[%emt 00:06:37]} Bxe5 {[%clk 00:55:38]} {[%emt
00:27:42]} 19. Qxe5 {[%clk 01:26:36]} {[%emt 00:03:16]} Qd6 {[%clk 00:50:35]}
{[%emt 00:05:32]} 20. Qxd6 {[%clk 01:26:00]} {[%emt 00:01:08]} Rxd6 {[%clk
00:50:57]} {[%emt 00:00:07]} 21. Bf4 {[%clk 01:26:17]} {[%emt 00:00:14]} Rd7
{[%clk 00:51:08]} {[%emt 00:00:16]} 22. f3 {[%clk 01:18:51]} {[%emt 00:07:58]}
Rhd8 {[%clk 00:49:47]} {[%emt 00:01:47]} 23. Be3 {[%clk 01:18:56]} {[%emt
00:00:28]} Ne8 {[%clk 00:48:23]} {[%emt 00:01:54]} 24. g4 {[%clk 01:18:39]}
{[%emt 00:00:48]} Nd6 {[%clk 00:37:09]} {[%emt 00:11:44]} 25. b3 {[%clk
01:18:57]} {[%emt 00:00:12]} b5 {[%clk 00:35:44]} {[%emt 00:01:54]} 26. c5
{[%clk 01:19:12]} {[%emt 00:00:15]} Ne8 {[%clk 00:36:04]} {[%emt 00:00:08]} 27.
g5 {[%clk 01:14:38]} {[%emt 00:05:07]} hxg5 {[%clk 00:35:29]} {[%emt 00:01:06]}
28. Bxg5 {[%clk 01:15:04]} {[%emt 00:00:03]} f6 {[%clk 00:34:46]} {[%emt
00:01:12]} 29. Be3 {[%clk 01:15:09]} {[%emt 00:00:26]} Nc7 {[%clk 00:32:46]}
{[%emt 00:02:30]} 30. Rde1 {[%clk 01:05:16]} {[%emt 00:10:23]} Nd5 {[%clk
00:23:19]} {[%emt 00:09:56]} 31. Bd2 {[%clk 01:05:40]} {[%emt 00:00:06]} Re7
{[%clk 00:22:20]} {[%emt 00:01:29]} 32. a3 {[%clk 01:01:09]} {[%emt 00:05:02]}
Rde8 {[%clk 00:20:48]} {[%emt 00:02:00]} 33. Re4 {[%clk 01:00:36]} {[%emt
00:01:04]} e5 {[%clk 00:18:29]} {[%emt 00:02:49]} 34. dxe5 {[%clk 01:00:59]}
{[%emt 00:00:07]} Rxe5 {[%clk 00:18:43]} {[%emt 00:00:16]} 35. Rg1 {[%clk
00:59:38]} {[%emt 00:01:51]} Rh8 {[%clk 00:13:48]} {[%emt 00:05:25]} 36. Rxe5
{[%clk 00:57:22]} {[%emt 00:02:47]} fxe5 {[%clk 00:14:01]} {[%emt 00:00:17]}
37. Rg5 {[%clk 00:55:07]} {[%emt 00:02:45]} Nf6 {[%clk 00:10:26]} {[%emt
00:04:04]} 38. Rxg7 {[%clk 00:53:51]} {[%emt 00:01:47]} Rxh5 {[%clk 00:08:24]}
{[%emt 00:02:32]} 39. Rxa7 {[%clk 00:40:56]} {[%emt 00:13:24]} e4 {[%clk
00:03:52]} {[%emt 00:05:02]} 40. Rf7 {[%clk 00:38:22]} {[%emt 00:03:05]} Rxc5+
{[%clk 00:03:58]} {[%emt 00:00:24]} 41. Kb2 {[%clk 00:36:24]} {[%emt 00:02:27]}
Nd7 {[%clk 00:02:12]} {[%emt 00:02:16]} 42. fxe4 {[%clk 00:33:53]} {[%emt
00:03:02]} Re5 {[%clk 00:02:05]} {[%emt 00:00:35]} 43. Rf4 {[%clk 00:34:02]}
{[%emt 00:00:22]} Nc5 {[%clk 00:01:55]} {[%emt 00:00:30]} 44. Rf5 {[%clk
00:34:05]} {[%emt 00:00:38]} Kd7 {[%clk 00:22:38]} {[%emt 00:09:47]} 45. Rxe5
{[%clk 00:56:08]} {[%emt 00:08:26]} Nd3+ {[%clk 00:23:00]} {[%emt 00:00:08]}
46. Kc3 {[%clk 00:56:25]} {[%emt 00:00:13]} Nxe5 {[%clk 00:23:28]} {[%emt
00:00:02]} 47. Bf4 {[%clk 00:56:29]} {[%emt 00:00:26]} Ng6 {[%clk 00:22:55]}
{[%emt 00:01:03]} 48. Be3 {[%clk 00:54:57]} {[%emt 00:02:03]} Kd6 {[%clk
00:22:59]} {[%emt 00:00:21]} 49. b4 {[%clk 00:55:00]} {[%emt 00:00:32]} Kd7
{[%clk 00:15:29]} {[%emt 00:07:59]} 50. Kd4 {[%clk 00:54:52]} {[%emt 00:00:38]}
Nf8 {[%clk 00:15:37]} {[%emt 00:00:18]} 51. Ke5 {[%clk 00:49:58]} {[%emt
00:05:28]} Ne6 {[%clk 00:15:49]} {[%emt 00:00:18]} 52. Kf6 {[%clk 00:50:18]}
{[%emt 00:00:09]} Nd8 {[%clk 00:15:57]} {[%emt 00:00:23]} 53. Bf4 {[%clk
00:50:03]} {[%emt 00:00:44]} Ne6 {[%clk 00:16:14]} {[%emt 00:00:15]} 54. Be5
{[%clk 00:50:23]} {[%emt 00:00:08]} Nd8 {[%clk 00:16:28]} {[%emt 00:00:17]} 55.
Bd4 {[%clk 00:50:03]} {[%emt 00:00:51]} Ne6 {[%clk 00:16:49]} {[%emt 00:00:08]}
56. Bb6 {[%clk 00:50:25]} {[%emt 00:00:08]} Nf8 {[%clk 00:16:52]} {[%emt
00:00:27]} 57. Bc5 {[%clk 00:49:26]} {[%emt 00:01:29]} Ne6 {[%clk 00:17:10]}
{[%emt 00:00:12]} 58. Ke5 {[%clk 00:49:40]} {[%emt 00:00:15]} Nd8 {[%clk
00:16:49]} {[%emt 00:00:52]} 59. Bf8 {[%clk 00:49:07]} {[%emt 00:01:03]} Ne6
{[%clk 00:17:04]} {[%emt 00:00:15]} 60. Bd6 {[%clk 00:49:13]} {[%emt 00:00:25]}
1/2-1/2

[Event "DVM U14 2023"]
[Site "Magdeburg GER"]
[Date "2023.12.27"]
[Round "2"]
[White "Steinbrenner, Peter"]
[Black "Merenda, Lukas-Benedikt"]
[Result "1/2-1/2"]
[Termination "normal"]
[Board "3.2"]
[WhiteElo "1698"]
[BlackElo "1707"]
[WhiteClock "00:07:09"]
[BlackClock "00:07:48"]
[WhiteTeam "SG Kaiserslautern 1905"]
[BlackTeam "SF München"]
[PlyCount "80"]
[WhiteFideId "34645535"]
[BlackFideId "34603336"]
[EventCountry "GER"]
[EventRounds "7"]
[EventType "team-swiss"]
[EventDate "2023.12.26"]

1. e4 {[%clk 01:30:55]} {[%emt 00:00:03]} c5 {[%clk 01:30:57]} {[%emt
00:00:04]} 2. Nf3 {[%clk 01:31:18]} Nc6 {[%clk 01:31:24]} {[%emt 00:00:10]} 3.
d4 {[%clk 01:31:42]} cxd4 {[%clk 01:31:50]} {[%emt 00:00:11]} 4. Nxd4 {[%clk
01:32:04]} {[%emt 00:00:07]} Nf6 {[%clk 01:32:16]} {[%emt 00:00:04]} 5. Nc3
{[%clk 01:32:14]} e5 {[%clk 01:32:39]} {[%emt 00:00:27]} 6. Ndb5 {[%clk
01:32:35]} d6 {[%clk 01:33:03]} {[%emt 00:00:15]} 7. Bg5 {[%clk 01:32:57]} a6
{[%clk 01:33:25]} {[%emt 00:00:17]} 8. Na3 {[%clk 01:33:21]} b5 {[%clk
01:33:51]} {[%emt 00:00:09]} 9. Nd5 {[%clk 01:33:44]} Be7 {[%clk 01:34:15]}
{[%emt 00:00:13]} 10. Bxf6 {[%clk 01:33:50]} Bxf6 {[%clk 01:34:26]} {[%emt
00:00:43]} 11. Be2 {[%clk 01:33:27]} O-O {[%clk 01:30:44]} {[%emt 00:05:04]}
12. c3 {[%clk 01:33:37]} Be6 {[%clk 01:30:08]} {[%emt 00:01:27]} 13. O-O {[%clk
01:33:31]} Bxd5 {[%clk 01:28:24]} {[%emt 00:02:50]} 14. Qxd5 {[%clk 01:33:19]}
Ne7 {[%clk 01:28:45]} {[%emt 00:00:52]} 15. Qd2 {[%clk 01:29:49]} Qd7 {[%clk
01:22:57]} {[%emt 00:10:17]} 16. c4 {[%clk 01:27:38]} bxc4 {[%clk 01:18:05]}
{[%emt 00:08:03]} 17. Nxc4 {[%clk 01:27:33]} {[%emt 00:00:34]} Rad8 {[%clk
01:18:29]} {[%emt 00:00:07]} 18. Nb6 {[%clk 01:06:22]} {[%emt 00:21:37]} Qb7
{[%clk 01:12:18]} {[%emt 00:06:44]} 19. Nd5 {[%clk 01:06:36]} {[%emt 00:00:16]}
Nxd5 {[%clk 01:11:51]} {[%emt 00:00:58]} 20. Qxd5 {[%clk 01:03:37]} {[%emt
00:03:29]} Qxb2 {[%clk 01:03:01]} {[%emt 00:09:20]} 21. Bxa6 {[%clk 01:03:56]}
{[%emt 00:00:10]} Qb6 {[%clk 01:03:05]} {[%emt 00:00:27]} 22. Bc4 {[%clk
01:01:36]} {[%emt 00:02:48]} Rc8 {[%clk 01:01:42]} {[%emt 00:01:55]} 23. Qd3
{[%clk 00:58:00]} Bg5 {[%clk 00:56:29]} {[%emt 00:09:48]} 24. a4 {[%clk
00:51:17]} Rc5 {[%clk 00:53:52]} {[%emt 00:10:21]} 25. Bd5 {[%clk 00:48:07]}
Qc7 {[%clk 00:53:52]} 26. g3 {[%clk 00:48:07]} g6 {[%clk 00:53:52]} 27. Rab1
{[%clk 00:48:07]} Qa5 {[%clk 00:53:52]} 28. Qb3 {[%clk 00:48:07]} Kg7 {[%clk
00:53:52]} 29. Qb6 {[%clk 00:48:07]} Qxa4 {[%clk 00:53:52]} 30. Qxd6 {[%clk
00:48:07]} Qd4 {[%clk 00:53:52]} 31. Rb7 {[%clk 00:48:07]} h5 {[%clk 00:53:52]}
32. h3 {[%clk 00:48:07]} Bf6 {[%clk 00:53:52]} 33. Rb6 {[%clk 00:48:07]} Bd8
{[%clk 00:53:52]} 34. Ra6 {[%clk 00:48:07]} Rc8 {[%clk 00:53:52]} 35. Bb7
{[%clk 00:48:07]} Qxd6 {[%clk 00:53:52]} 36. Rxd6 {[%clk 00:48:07]} Rc7 {[%clk
00:53:52]} 37. Bd5 {[%clk 00:48:07]} Re7 {[%clk 00:53:52]} 38. Rc6 {[%clk
00:48:07]} Rc7 {[%clk 00:07:38]} {[%emt 01:42:25]} 39. Rb6 {[%clk 00:07:09]}
Rc8 {[%clk 00:07:38]} 40. Bb7 {[%clk 00:07:09]} Rc7 {[%clk 00:07:48]} 1/2-1/2

[Event "DVM U14 2023"]
[Site "Magdeburg GER"]
[Date "2023.12.27"]
[Round "2"]
[White "Fedorov, Matvei"]
[Black "Klein, Deniz"]
[Result "0-1"]
[Termination "normal"]
[Board "3.3"]
[WhiteElo "1221"]
[BlackElo "1612"]
[WhiteClock "00:19:36"]
[BlackClock "00:13:31"]
[WhiteTeam "SF München"]
[BlackTeam "SG Kaiserslautern 1905"]
[PlyCount "100"]
[WhiteFideId "34393480"]
[BlackFideId "34611282"]
[EventCountry "GER"]
[EventRounds "7"]
[EventType "team-swiss"]
[EventDate "2023.12.26"]

1. d4 {[%clk 01:30:58]} {[%emt 00:00:02]} Nf6 {[%clk 01:30:53]} {[%emt
00:00:06]} 2. Nf3 {[%clk 01:31:25]} {[%emt 00:00:03]} e6 {[%clk 01:31:07]}
{[%emt 00:00:16]} 3. Bf4 {[%clk 01:31:41]} {[%emt 00:00:14]} c5 {[%clk
01:30:55]} {[%emt 00:00:43]} 4. e3 {[%clk 01:31:30]} {[%emt 00:00:41]} b6
{[%clk 01:30:26]} {[%emt 00:00:59]} 5. Bd3 {[%clk 01:31:13]} {[%emt 00:00:46]}
Bb7 {[%clk 01:30:33]} {[%emt 00:00:23]} 6. Nbd2 {[%clk 01:31:19]} {[%emt
00:00:25]} Be7 {[%clk 01:29:49]} {[%emt 00:01:14]} 7. c3 {[%clk 01:31:02]}
{[%emt 00:00:47]} d6 {[%clk 01:28:11]} {[%emt 00:02:07]} 8. O-O {[%clk
01:29:12]} {[%emt 00:02:21]} Nbd7 {[%clk 01:27:12]} {[%emt 00:01:28]} 9. e4
{[%clk 01:26:41]} {[%emt 00:03:02]} O-O {[%clk 01:22:54]} {[%emt 00:04:47]} 10.
Re1 {[%clk 01:24:22]} {[%emt 00:02:50]} Re8 {[%clk 01:20:19]} {[%emt 00:03:04]}
11. Rc1 {[%clk 01:23:41]} {[%emt 00:01:11]} Nf8 {[%clk 01:17:17]} {[%emt
00:03:32]} 12. h3 {[%clk 01:22:59]} {[%emt 00:01:13]} Ng6 {[%clk 01:07:39]}
{[%emt 00:10:08]} 13. Be3 {[%clk 01:17:14]} {[%emt 00:06:15]} e5 {[%clk
00:52:29]} {[%emt 00:15:40]} 14. d5 {[%clk 01:16:17]} {[%emt 00:01:26]} a6
{[%clk 00:52:05]} {[%emt 00:00:54]} 15. a4 {[%clk 01:14:22]} {[%emt 00:02:25]}
Bc8 {[%clk 00:48:37]} {[%emt 00:03:58]} 16. c4 {[%clk 01:13:28]} {[%emt
00:01:25]} Rf8 {[%clk 00:42:40]} {[%emt 00:06:25]} 17. Nf1 {[%clk 01:10:16]}
{[%emt 00:03:43]} Bd7 {[%clk 00:35:27]} {[%emt 00:07:44]} 18. N3h2 {[%clk
01:05:38]} {[%emt 00:05:08]} Rb8 {[%clk 00:33:53]} {[%emt 00:02:03]} 19. Bd2
{[%clk 01:02:58]} {[%emt 00:03:11]} b5 {[%clk 00:28:22]} {[%emt 00:06:00]} 20.
b3 {[%clk 01:02:14]} {[%emt 00:01:15]} Qc7 {[%clk 00:24:45]} {[%emt 00:04:06]}
21. Bc2 {[%clk 00:59:08]} {[%emt 00:03:37]} Rb7 {[%clk 00:24:35]} {[%emt
00:00:40]} 22. Ne3 {[%clk 00:58:30]} {[%emt 00:01:08]} Rfb8 {[%clk 00:24:33]}
{[%emt 00:00:30]} 23. Nf5 {[%clk 00:57:53]} {[%emt 00:01:08]} Kf8 {[%clk
00:21:08]} {[%emt 00:03:55]} 24. g4 {[%clk 00:57:03]} {[%emt 00:01:21]} bxc4
{[%clk 00:20:28]} {[%emt 00:01:10]} 25. bxc4 {[%clk 00:57:00]} {[%emt
00:00:32]} Qd8 {[%clk 00:17:31]} {[%emt 00:03:27]} 26. g5 {[%clk 00:55:32]}
{[%emt 00:01:59]} Ne8 {[%clk 00:17:31]} {[%emt 00:00:29]} 27. Qh5 {[%clk
00:55:29]} {[%emt 00:00:33]} Kg8 {[%clk 00:16:51]} {[%emt 00:01:11]} 28. Ng4
{[%clk 00:40:14]} {[%emt 00:15:45]} Bc8 {[%clk 00:10:32]} {[%emt 00:06:48]} 29.
h4 {[%clk 00:35:11]} {[%emt 00:05:34]} Rb2 {[%clk 00:08:41]} {[%emt 00:02:20]}
30. Nh2 {[%clk 00:23:34]} {[%emt 00:12:08]} Bd7 {[%clk 00:07:14]} {[%emt
00:01:57]} 31. Qg4 {[%clk 00:21:35]} {[%emt 00:02:29]} Bxa4 {[%clk 00:05:55]}
{[%emt 00:01:48]} 32. h5 {[%clk 00:19:05]} {[%emt 00:03:00]} Rxc2 {[%clk
00:04:13]} {[%emt 00:02:13]} 33. Rxc2 {[%clk 00:19:18]} {[%emt 00:00:17]} Bxc2
{[%clk 00:04:27]} {[%emt 00:00:16]} 34. hxg6 {[%clk 00:19:43]} {[%emt
00:00:05]} hxg6 {[%clk 00:04:13]} {[%emt 00:00:44]} 35. Ng3 {[%clk 00:16:59]}
{[%emt 00:03:13]} Qc8 {[%clk 00:03:12]} {[%emt 00:01:30]} 36. Qh4 {[%clk
00:17:02]} {[%emt 00:00:29]} Rb1 {[%clk 00:03:02]} {[%emt 00:00:40]} 37. Bc1
{[%clk 00:16:48]} {[%emt 00:00:44]} Bb3 {[%clk 00:02:54]} {[%emt 00:00:38]} 38.
Kg2 {[%clk 00:16:44]} {[%emt 00:00:35]} f6 {[%clk 00:02:37]} {[%emt 00:00:46]}
39. Nf3 {[%clk 00:16:43]} {[%emt 00:00:30]} Ba4 {[%clk 00:01:02]} {[%emt
00:02:05]} 40. Rh1 {[%clk 00:16:09]} {[%emt 00:01:05]} Kf7 {[%clk 00:00:41]}
{[%emt 00:00:51]} 41. Nf5 {[%clk 00:14:04]} {[%emt 00:02:34]} Bd7 {[%clk
00:23:11]} {[%emt 00:08:00]} 42. gxf6 {[%clk 00:36:26]} {[%emt 00:08:09]} Bxf6
{[%clk 00:22:09]} {[%emt 00:01:31]} 43. Ng5+ {[%clk 00:20:56]} {[%emt
00:16:01]} Bxg5 {[%clk 00:22:00]} {[%emt 00:00:38]} 44. Qxg5 {[%clk 00:20:58]}
{[%emt 00:00:28]} Bxf5 {[%clk 00:17:18]} {[%emt 00:05:12]} 45. exf5 {[%clk
00:21:15]} {[%emt 00:00:13]} Qxf5 {[%clk 00:17:33]} {[%emt 00:00:15]} 46. Qd8
{[%clk 00:21:03]} {[%emt 00:00:42]} Qg4+ {[%clk 00:15:15]} {[%emt 00:02:48]}
47. Kh2 {[%clk 00:21:12]} {[%emt 00:00:22]} Rxc1 {[%clk 00:13:48]} {[%emt
00:01:57]} 48. Re1 {[%clk 00:18:41]} {[%emt 00:03:01]} Rxe1 {[%clk 00:13:28]}
{[%emt 00:00:50]} 49. f3 {[%clk 00:19:10]} {[%emt 00:00:01]} Re2+ {[%clk
00:13:31]} {[%emt 00:00:26]} 50. Kh1 {[%clk 00:19:36]} {[%emt 00:00:04]} Qg2#
{[%emt 00:00:10]} 0-1

[Event "DVM U14 2023"]
[Site "Magdeburg GER"]
[Date "2023.12.27"]
[Round "2"]
[White "Arne, Jonas"]
[Black "Büchel, David"]
[Result "0-1"]
[Termination "normal"]
[Board "3.4"]
[WhiteElo "1530"]
[BlackElo "1572"]
[WhiteClock "00:40:20"]
[BlackClock "00:26:32"]
[WhiteTeam "SG Kaiserslautern 1905"]
[BlackTeam "SF München"]
[PlyCount "101"]
[WhiteFideId "34640398"]
[BlackFideId "34603689"]
[EventCountry "GER"]
[EventRounds "7"]
[EventType "team-swiss"]
[EventDate "2023.12.26"]

1. d4 {[%clk 01:30:58]} {[%emt 00:00:01]} Nf6 {[%clk 01:30:31]} {[%emt
00:00:29]} 2. Nf3 {[%clk 01:31:22]} {[%emt 00:00:06]} g6 {[%clk 01:30:50]}
{[%emt 00:00:11]} 3. h3 {[%clk 01:31:29]} {[%emt 00:00:24]} Bg7 {[%clk
01:30:27]} {[%emt 00:00:53]} 4. Bf4 {[%clk 01:31:51]} {[%emt 00:00:08]} d5
{[%clk 01:24:26]} {[%emt 00:06:31]} 5. e3 {[%clk 01:32:04]} {[%emt 00:00:17]}
Nc6 {[%clk 01:24:02]} {[%emt 00:00:54]} 6. c3 {[%clk 01:32:16]} {[%emt
00:00:18]} Bf5 {[%clk 01:23:59]} {[%emt 00:00:32]} 7. Nbd2 {[%clk 01:32:23]}
{[%emt 00:00:23]} a6 {[%clk 01:23:28]} {[%emt 00:01:01]} 8. Be2 {[%clk
01:31:45]} {[%emt 00:01:08]} Qd7 {[%clk 01:18:17]} {[%emt 00:05:42]} 9. g4
{[%clk 01:28:14]} {[%emt 00:04:00]} Be4 {[%clk 01:15:15]} {[%emt 00:03:32]} 10.
Nxe4 {[%clk 01:27:39]} {[%emt 00:01:05]} Nxe4 {[%clk 01:15:00]} {[%emt
00:00:45]} 11. Qc2 {[%clk 01:25:54]} {[%emt 00:02:15]} e6 {[%clk 01:12:16]}
{[%emt 00:03:14]} 12. Nd2 {[%clk 01:20:31]} {[%emt 00:05:53]} Nd6 {[%clk
00:56:45]} {[%emt 00:16:01]} 13. h4 {[%clk 01:18:04]} {[%emt 00:02:58]} h6
{[%clk 00:56:34]} {[%emt 00:00:40]} 14. O-O-O {[%clk 01:17:28]} {[%emt
00:01:06]} b5 {[%clk 00:54:04]} {[%emt 00:03:01]} 15. Nb3 {[%clk 01:15:55]}
{[%emt 00:02:03]} Nb7 {[%clk 00:46:48]} {[%emt 00:07:45]} 16. e4 {[%clk
01:09:01]} {[%emt 00:07:24]} Nca5 {[%clk 00:44:31]} {[%emt 00:02:46]} 17. exd5
{[%clk 01:05:45]} {[%emt 00:03:47]} exd5 {[%clk 00:43:59]} {[%emt 00:01:02]}
18. Rhe1 {[%clk 01:04:30]} {[%emt 00:01:44]} O-O {[%clk 00:42:05]} {[%emt
00:02:25]} 19. h5 {[%clk 01:02:11]} {[%emt 00:02:49]} g5 {[%clk 00:40:46]}
{[%emt 00:01:48]} 20. Bg3 {[%clk 01:00:42]} {[%emt 00:02:00]} Nc4 {[%clk
00:40:17]} {[%emt 00:00:59]} 21. Qd3 {[%clk 00:56:26]} {[%emt 00:04:45]} a5
{[%clk 00:33:36]} {[%emt 00:07:13]} 22. f4 {[%clk 00:50:43]} {[%emt 00:06:13]}
Rfe8 {[%clk 00:22:41]} {[%emt 00:11:25]} 23. Bf3 {[%clk 00:46:26]} {[%emt
00:04:45]} Bf6 {[%clk 00:20:34]} {[%emt 00:02:37]} 24. Kb1 {[%clk 00:37:53]}
{[%emt 00:09:04]} a4 {[%clk 00:19:13]} {[%emt 00:01:52]} 25. Nd2 {[%clk
00:31:35]} {[%emt 00:06:46]} a3 {[%clk 00:15:18]} {[%emt 00:04:26]} 26. Nxc4
{[%clk 00:30:08]} {[%emt 00:01:56]} bxc4 {[%clk 00:14:50]} {[%emt 00:00:59]}
27. Qf5 {[%clk 00:27:35]} {[%emt 00:03:04]} Qxf5+ {[%clk 00:08:26]} {[%emt
00:06:53]} 28. gxf5 {[%clk 00:27:01]} {[%emt 00:01:04]} c6 {[%clk 00:08:17]}
{[%emt 00:00:39]} 29. b4 {[%clk 00:22:56]} {[%emt 00:04:35]} Rad8 {[%clk
00:00:52]} {[%emt 00:07:55]} 30. Kc2 {[%clk 00:22:55]} {[%emt 00:00:30]} Kf8
{[%clk 00:00:44]} {[%emt 00:00:39]} 31. Kd2 {[%clk 00:22:17]} {[%emt 00:01:09]}
Nd6 {[%clk 00:01:03]} {[%emt 00:00:11]} 32. Kc2 {[%clk 00:15:39]} {[%emt
00:07:08]} Nxf5 {[%clk 00:01:15]} {[%emt 00:00:18]} 33. Bh2 {[%clk 00:14:02]}
{[%emt 00:02:07]} Ne3+ {[%clk 00:01:17]} {[%emt 00:00:27]} 34. Kd2 {[%clk
00:13:48]} {[%emt 00:00:44]} Nxd1 {[%clk 00:01:33]} {[%emt 00:00:15]} 35. Bxd1
{[%clk 00:14:02]} {[%emt 00:00:15]} Rxe1 {[%clk 00:01:33]} {[%emt 00:00:30]}
36. Kxe1 {[%clk 00:14:30]} {[%emt 00:00:03]} Re8+ {[%clk 00:01:30]} {[%emt
00:00:32]} 37. Kf2 {[%clk 00:14:27]} {[%emt 00:00:32]} Ke7 {[%clk 00:01:26]}
{[%emt 00:00:34]} 38. f5 {[%clk 00:14:22]} {[%emt 00:00:36]} Kd7 {[%clk
00:01:43]} {[%emt 00:00:13]} 39. Bf3 {[%clk 00:14:31]} {[%emt 00:00:21]} Kc8
{[%clk 00:01:06]} {[%emt 00:01:07]} 40. Bg1 {[%clk 00:12:38]} {[%emt 00:02:23]}
g4 {[%clk 00:00:34]} {[%emt 00:01:03]} 41. Bxg4 {[%clk 00:12:11]} {[%emt
00:00:57]} Bg5 {[%clk 00:29:49]} {[%emt 00:01:14]} 42. Kf3 {[%clk 00:40:54]}
{[%emt 00:01:47]} Bd2 {[%clk 00:29:45]} {[%emt 00:00:33]} 43. f6+ {[%clk
00:40:38]} {[%emt 00:00:48]} Kd7 44. Bxd7 {[%clk 00:40:38]} Rd8 {[%clk
00:29:59]} {[%emt 00:00:31]} 45. Bf5 {[%clk 00:40:47]} {[%emt 00:00:22]} Bxc3
{[%clk 00:30:11]} {[%emt 00:00:17]} 46. Ke2 {[%clk 00:40:53]} {[%emt 00:00:25]}
Bxb4 {[%clk 00:30:26]} {[%emt 00:00:15]} 47. Kd1 {[%clk 00:41:03]} {[%emt
00:00:19]} Re8 {[%clk 00:30:37]} {[%emt 00:00:20]} 48. Bf2 {[%clk 00:41:20]}
{[%emt 00:00:13]} Re4 {[%clk 00:27:00]} {[%emt 00:06:15]} 49. Bh3 {[%clk
00:39:46]} Rf4 {[%clk 00:26:20]} {[%emt 00:02:05]} 50. Bg2 {[%clk 00:39:59]}
Rxf6 {[%clk 00:26:32]} {[%emt 00:00:36]} 51. Be3 {[%clk 00:40:20]} 0-1